=LDR 00000nam 2200000 4500 =001 INLIS000000000019947 =005 20130612114943 =008 ***********************************Ind** =035 ##$$0010-061300000019947 =041 ##$$a Ind =082 ##$$a 347.09 =090 ##$$a 347.09, Har a =100 ##$$a Harahap =245 ##$$a Arbitrase, oleh Yahya Harahap =260 ##$$a 2004 $b Jakarta =300 ##$$a xi, 380 hlm, 23 cm =650 ##$$a Arbitrase =850 ##$$a NBPNMAT